000 00521nam a2200169Ia 4500
005 20250408092853.0
008 231217s9999 xx 000 0 und d
020 _a9788178083476
082 _a001.6424 HOP;98
100 _aHopcroft, John E. Motwani, Rajeev. Ullman, Jeffrey D.
245 0 _aIntroduction to automata theory, languages and computation
250 _a2nd ed.
260 _c2001
_bPearson Education
_aNew Delhi
300 _axiv, 521
650 _aautomata,theory,,languages,computation
942 _cAA
999 _c193134
_d193134